000 00339nam a2200157Ia 4500
005 20250425161651.0
008 250425s9999 xx 000 0 und d
041 _aeng
082 _aIBM4381
245 0 _aTHE PRIMARY BATTERY
250 _aS.E.
260 _aS.L.
260 _aSin Pais
_bWILE
_c1976
942 _c01
010 _a25443
999 _c213692
_d213692